000 00428cam a22001217a 4500
008 180718b2001 xxu||||| |||| 00| 0 eng d
100 _aIanchovichina, Elena
245 _aTrade liberalization in China's accession to the world trade organization
_cby Elena Ianchovichina and Will Martin
260 _aWashington, D.C.
_bWorld Bank
_c2001
300 _a35p.
440 _aPolicy research working paper 2623
700 _aMartin, Will
999 _c286814
_d286814